Normal view
MARC view
Entry Uniform Title
001 - CONTROL NUMBER
- control field: 32349
003 - CONTROL NUMBER IDENTIFIER
- control field: dpl
005 - DATE AND TIME OF LATEST TRANSACTION
- control field: 20110810153615.0
008 - FIXED-LENGTH DATA ELEMENTS
- fixed length control field: 110810|||a|||||| | ||| d
040 ## - CATALOGING SOURCE
- Original cataloging agency: dpl
- Transcribing agency: dpl
130 ## - HEADING--UNIFORM TITLE
- Uniform title: travel companion-2
670 ## - SOURCE DATA FOUND
- Source citation: Work cat.: (dpl): 31629 Barthakur, Inderjit Kaur, The disappearing trick /, 2011
670 ## - SOURCE DATA FOUND
- Source citation: Work cat.: (dpl): 31629 Barthakur, Inderjit Kaur, The disappearing trick /, 2011
